• 首页
  • 本馆介绍
  • 公告通知
  • 最新文献
  • 馆藏检索
  • 电子资源
  • 读者导购
  • 参考咨询
  • 我的图书馆
  • 登录
  • 详细信息显示
  • 放入我的书架
  • 预约/预借图书
  • 作者相关作品
  • 分类相关作品
  • 丛书相关作品
  • 出版社相关作品

书目信息

  • 表格格式
  • 工作单格式
  • 卡片格式
题名:
一生必读的60本书
    
 
作者: 张玉斌 , 王晶 编著
分册:  
出版信息: 北京   北京工业大学出版社  2003
页数: 11,364页
开本: 24cm
丛书名:
单 册:
中图分类: Z835
科图分类:
主题词: 推荐书目--世界
电子资源:
ISBN: 7-5639-1273-8
000 00800nam0 2200229 45
001 002508270
005 20050404084708.1
010    @a7-5639-1273-8@dCNY32.80
100    @a20031121d2003 em y0chiy0110 ea
101 0  @achi
102    @aCN@b110000
105    @aa z 000yy
200 1  @a一生必读的60本书@Ayi sheng bi du de 60 ben shu@f张玉斌,王晶编著@FZhang Yu Bin,Wang Jing Bian Zhu
210    @a北京@c北京工业大学出版社@d2003
215    @a11,364页@c插图@d24cm
330    @a本书选取了60本最有权威性的代表作,涵盖了文学、哲学、历史、军事等各个不同的领域。每本书分设“名家导读”、“华文精选”、“读到之处”、“典故逸话”等栏目。
606 0  @a推荐书目@y世界
690    @aZ835@v4
701  0 @a张玉斌@4编著
701  0 @a王晶@4编著
801  0 @aCN@bNLC@c20040210
905    @b346908-912@dZ835@e35@f5
    
    一生必读的60本书/张玉斌,王晶编著.-北京:北京工业大学出版社,2003
    11,364页:插图;24cm
    
    
    ISBN 7-5639-1273-8:CNY32.80
    本书选取了60本最有权威性的代表作,涵盖了文学、哲学、历史、军事等各个不同的领域。每本书分设“名家导读”、“华文精选”、“读到之处”、“典故逸话”等栏目。
●
相关链接 在E读中查询图书 在五车中查询图书 在当当中查询图书 在豆瓣中查询图书


正题名:一生必读的60本书     索取号:Z835/35         预约/预借

序号 登录号 条形码 馆藏地/架位号 状态 备注
1 0346908   203469086   第二样本阅览室/ [索取号:Z835/35] 在馆    
2 0346909   203469095   第三借阅区/ [索取号:Z835/35] 在馆    
3 0346910   203469102   第三借阅区/ [索取号:Z835/35] 在馆    
4 0346911   203469111   第三借阅区/ [索取号:Z835/35] 在馆    
5 0346912   203469120   第三借阅区/ [索取号:Z835/35] 在馆    
唐山师范学院图书馆 欢迎您!
大连网信软件有限公司© 版权所有